Exploring earth science
Saved in:
| Main Author: | |
|---|---|
| Format: | Book |
| Language: | Undetermined |
| Published: |
New York
McGraw-Hill Education
2016
|
| Subjects: | |
| Tags: |
Add Tag
No Tags, Be the first to tag this record!
|
| Institutions: | Trung tâm Học liệu Trường Đại học Cần Thơ |
|---|
| LEADER | 00551nam a2200169Ia 4500 | ||
|---|---|---|---|
| 001 | CTU_225010 | ||
| 008 | 210402s9999 xx 000 0 und d | ||
| 082 | |a 550 | ||
| 082 | |b R462 | ||
| 100 | |a Reynolds, Stephen J. | ||
| 245 | 0 | |a Exploring earth science | |
| 245 | 0 | |c Steven J. Reynolds, Julia K. Johnson ; Robert V. Rohli ... [et a l.] Contributing authors | |
| 260 | |a New York | ||
| 260 | |b McGraw-Hill Education | ||
| 260 | |c 2016 | ||
| 650 | |a Earth sciences,Khoa học trái đất | ||
| 980 | |a Trung tâm Học liệu Trường Đại học Cần Thơ | ||